[Event "Cappelle-la-Grande 2014"]
[Site "Cappelle-la-Grande (FRA)"]
[Date "????.??.??"]
[Round "4.29"]
[White "Miezis, Normunds"]
[Black "Berkovich, Mark A"]
[Result "1-0"]
[WhiteElo "2548"]
[BlackElo "2334"]
[PlyCount "73"]

1. c4 c5 2. Nc3 Nc6 3. g3 g6 4. Bg2 Bg7 5. d3 Nf6 6. e4 O-O 7. Nge2 d6 8. O-O
Bd7 9. h3 a6 10. a3 Rb8 11. Rb1 b5 12. cxb5 axb5 13. b4 cxb4 14. axb4 Qc7 15.
Be3 Rfc8 16. Qd2 Qd8 17. f4 e6 18. g4 Qe7 19. d4 Ne8 20. f5 Nd8 21. g5 exf5 22.
Nd5 Qf8 23. exf5 Bxf5 24. Rxf5 gxf5 25. Ng3 f4 26. Bxf4 Ne6 27. Nf5 Nxf4 28.
Qxf4 Nc7 29. Nde7+ Kh8 30. Nxc8 Rxc8 31. d5 f6 32. Nxg7 Kxg7 33. Qf5 fxg5 34.
Qd7+ Kh6 35. Rf1 Qd8 36. Qf7 Ne8 37. Qe6+ 1-0

[Event "Cappelle-la-Grande 2014"]
[Site "Cappelle-la-Grande (FRA)"]
[Date "????.??.??"]
[Round "4.30"]
[White "Piceu, Tom"]
[Black "Arizmendi Martinez, Julen Luis"]
[Result "0-1"]
[WhiteElo "2347"]
[BlackElo "2547"]
[PlyCount "64"]

1. d4 Nf6 2. c4 e6 3. Nc3 Bb4 4. f3 d5 5. a3 Bxc3+ 6. bxc3 O-O 7. e3 c6 8. Bd3
b6 9. cxd5 cxd5 10. Qe2 Bb7 11. Nh3 Qc8 12. O-O Ba6 13. Bd2 Bxd3 14. Qxd3 Qa6
15. Qc2 Nc6 16. e4 Rfc8 17. e5 Nd7 18. Be3 Qc4 19. Rac1 Rc7 20. f4 Rac8 21. Qd1
Ne7 22. g4 f5 23. exf6 Nxf6 24. Ng5 Rc6 25. f5 exf5 26. gxf5 h6 27. Nh3 Ne4 28.
Qg4 Rf8 29. Kh1 Rcf6 30. Rg1 Nxf5 31. Nf4 g5 32. h4 Nxe3 0-1

[Event "Cappelle-la-Grande 2014"]
[Site "Cappelle-la-Grande (FRA)"]
[Date "????.??.??"]
[Round "4.31"]
[White "Malakhatko, Vadim"]
[Black "Marholev, Dimitar"]
[Result "1-0"]
[WhiteElo "2547"]
[BlackElo "2326"]
[PlyCount "61"]

1. c4 g6 2. d4 Bg7 3. Nc3 c5 4. d5 d6 5. e4 e6 6. Nf3 exd5 7. cxd5 a6 8. a4 Bg4
9. Be2 Nd7 10. O-O Ne7 11. Nd2 Bxe2 12. Qxe2 O-O 13. a5 f5 14. Nc4 Ne5 15. Nb6
Rb8 16. f4 Ng4 17. e5 dxe5 18. h3 exf4 19. hxg4 Bd4+ 20. Rf2 fxg4 21. Qxg4 Nf5
22. Bxf4 g5 23. Ne4 Bxf2+ 24. Nxf2 h5 25. Qxg5+ Qxg5 26. Bxg5 Ng3 27. Re1 Rbe8
28. Rxe8 Rxe8 29. d6 Re1+ 30. Kh2 Nf1+ 31. Kh3 1-0

[Event "Cappelle-la-Grande 2014"]
[Site "Cappelle-la-Grande (FRA)"]
[Date "????.??.??"]
[Round "4.32"]
[White "Hoolt, Sarah"]
[Black "Rusev, Krasimir"]
[Result "0-1"]
[WhiteElo "2345"]
[BlackElo "2541"]
[PlyCount "98"]

1. e4 e5 2. Nf3 d6 3. d4 exd4 4. Nxd4 Nf6 5. Nc3 Be7 6. h3 O-O 7. Be3 Re8 8. g4
d5 9. e5 c5 10. exf6 Bxf6 11. Nde2 d4 12. Bg2 dxe3 13. Qxd8 exf2+ 14. Kxf2 Bxd8
15. Nb5 Nc6 16. Nd6 Re6 17. Rhd1 Bh4+ 18. Kf1 Nb4 19. Nf5 Rxe2 20. Kxe2 Bxf5
21. gxf5 Nxc2 22. Rac1 Re8+ 23. Kf3 Ne3 24. Re1 Kf8 25. Re2 b6 26. Rc3 Nxf5 27.
Rxe8+ Kxe8 28. Ke4 g6 29. Ra3 a5 30. Rb3 Bd8 31. Ke5 f6+ 32. Kd5 Kd7 33. Rd3
Bc7 34. Bf1 Be5 35. b3 Bd4 36. Be2 Ne3+ 37. Ke4 f5+ 38. Kf4 Nd5+ 39. Kg5 Ke6
40. Kh6 Nf4 41. Bf1 Nxd3 42. Bxd3 Kf6 43. Kxh7 Bf2 44. Bb5 g5 45. Kh6 g4 46.
hxg4 fxg4 47. a4 g3 48. Bc6 b5 49. axb5 c4 0-1

[Event "Cappelle-la-Grande 2014"]
[Site "Cappelle-la-Grande (FRA)"]
[Date "????.??.??"]
[Round "4.33"]
[White "Soltanici, Ruslan"]
[Black "Hovhanisian, Mher"]
[Result "1/2-1/2"]
[WhiteElo "2344"]
[BlackElo "2526"]
[PlyCount "95"]

1. e4 e6 2. d4 d5 3. Nc3 Bb4 4. Nge2 Ne7 5. a3 Bxc3+ 6. Nxc3 O-O 7. Bg5 f6 8.
Be3 b6 9. Be2 Ba6 10. Bxa6 Nxa6 11. Qe2 Nb8 12. O-O-O Nbc6 13. f3 Qd7 14. h4
Rab8 15. Rhe1 b5 16. exd5 Nxd5 17. Nxd5 exd5 18. Bf2 Rfe8 19. Qd3 Rxe1 20. Rxe1
b4 21. g4 a5 22. a4 b3 23. cxb3 Nb4 24. Qe3 h5 25. Kb1 hxg4 26. fxg4 Qxg4 27.
Qe6+ Qxe6 28. Rxe6 Kf7 29. Re3 g5 30. hxg5 fxg5 31. Bg3 Rc8 32. Rc3 c6 33. Be5
Ke6 34. Rf3 g4 35. Re3 Kd7 36. Kc1 c5 37. dxc5 Re8 38. Kd2 Kc6 39. Bd6 Re4 40.
Rxe4 dxe4 41. Ke3 Kd5 42. Bc7 Nc6 43. b4 axb4 44. a5 Kxc5 45. Kxe4 Kb5 46. b3
Nxa5 47. Bd6 Nc6 48. Kf4 1/2-1/2

[Event "Cappelle-la-Grande 2014"]
[Site "Cappelle-la-Grande (FRA)"]
[Date "????.??.??"]
[Round "4.34"]
[White "Lagarde, Maxime"]
[Black "Nanjo, Ryosuke"]
[Result "1/2-1/2"]
[WhiteElo "2514"]
[BlackElo "2307"]
[PlyCount "123"]

1. e4 c5 2. Nf3 d6 3. d4 cxd4 4. Qxd4 Nc6 5. Bb5 Bd7 6. Bxc6 Bxc6 7. Nc3 Nf6 8.
Bg5 e6 9. Qd3 Be7 10. Nd4 O-O 11. O-O-O Qa5 12. f4 Rfe8 13. h4 Rac8 14. f5 Bd7
15. e5 Rxc3 16. Qxc3 Qxc3 17. bxc3 dxe5 18. fxe6 Ba3+ 19. Kb1 fxe6 20. Nf3 Nd5
21. Ka1 e4 22. c4 exf3 23. cxd5 fxg2 24. Rhg1 exd5 25. Rxg2 Bf5 26. Bf6 g6 27.
Bb2 Be4 28. Rf2 Rf8 29. Rdf1 Rxf2 30. Rxf2 Bc5 31. Rf1 Bg2 32. Rf4 Bd6 33. Rf6
Be7 34. Rf2 Be4 35. Bf6 Kf7 36. Bxe7+ Kxe7 37. Kb2 h6 38. Kc3 g5 39. hxg5 hxg5
40. Kd4 g4 41. c4 g3 42. Rf4 g2 43. Rg4 Bf3 44. Rg7+ Kf6 45. Rg3 Ke6 46. Ke3
Be4 47. cxd5+ Bxd5 48. a3 Bc6 49. Kd4 Kf5 50. Ke3 Ke5 51. Rg5+ Kf6 52. Rg3 Kf5
53. Rg7 Bd5 54. Rg3 b5 55. Rg7 a5 56. Kd4 Bf3 57. Ke3 Bc6 58. Kd4 b4 59. axb4
axb4 60. Kc4 Bf3 61. Rxg2 Bxg2 62. Kxb4 1/2-1/2

[Event "Cappelle-la-Grande 2014"]
[Site "Cappelle-la-Grande (FRA)"]
[Date "????.??.??"]
[Round "4.35"]
[White "Doluhanova, Evgeniya"]
[Black "Kurajica, Bojan"]
[Result "1/2-1/2"]
[WhiteElo "2331"]
[BlackElo "2505"]
[PlyCount "106"]

1. e4 c5 2. Nf3 Nc6 3. d4 cxd4 4. Nxd4 Qb6 5. Nb3 Nf6 6. Nc3 e6 7. Bd3 a6 8.
O-O d6 9. Be3 Qc7 10. a4 b6 11. f4 g6 12. Qe2 Bg7 13. Rae1 Nd7 14. Qf2 Nc5 15.
Nxc5 dxc5 16. e5 O-O 17. Ne4 Qe7 18. Bd2 a5 19. Bc3 Bb7 20. Nf6+ Kh8 21. Qh4 h6
22. Re3 Rfd8 23. Rh3 Qf8 24. Ng4 Ne7 25. Nxh6 Bxh6 26. Qxh6+ Qxh6 27. Rxh6+ Kg7
28. Rh3 Nd5 29. Be1 Rh8 30. Bh4 Kg8 31. Be4 c4 32. Bxd5 Bxd5 33. Re1 Kf8 34.
Ree3 Ke8 35. Bf2 Kd7 36. Rxh8 Rxh8 37. Rc3 Kc6 38. h4 b5 39. axb5+ Kxb5 40. Ra3
Be4 41. c3 a4 42. Ra1 Bc2 43. Rc1 Bd3 44. Kh2 Kc6 45. Rd1 Kd5 46. Kg3 Ke4 47.
Bc5 Rb8 48. Re1+ Kd5 49. Ba3 Rh8 50. Bb4 Kc6 51. Ra1 Bc2 52. Kg4 Bf5+ 53. Kg3
Bc2 1/2-1/2

[Event "Cappelle-la-Grande 2014"]
[Site "Cappelle-la-Grande (FRA)"]
[Date "????.??.??"]
[Round "4.36"]
[White "Valuet, Bertrand"]
[Black "Wan, Yunguo"]
[Result "0-1"]
[WhiteElo "2326"]
[BlackElo "2504"]
[PlyCount "58"]

1. e4 c5 2. Nf3 e6 3. d4 cxd4 4. Nxd4 a6 5. Nc3 b5 6. Bd3 Qb6 7. Nf3 Nc6 8. O-O
Qb8 9. Qe2 Nge7 10. Re1 Ng6 11. e5 Bb7 12. Bg5 Ncxe5 13. Nxe5 Qxe5 14. Qh5 Qc5
15. Bxg6 fxg6 16. Qh4 Qf5 17. Qg3 Bc5 18. b4 Bxb4 19. Re5 Bd6 20. Rae1 Bxe5 21.
Rxe5 Qf7 22. Be3 O-O 23. Ne2 d6 24. Rg5 e5 25. h4 Qc4 26. Nc1 Rf5 27. h5 Rxg5
28. Qxg5 gxh5 29. Qe7 Qe4 0-1

[Event "Cappelle-la-Grande 2014"]
[Site "Cappelle-la-Grande (FRA)"]
[Date "????.??.??"]
[Round "4.37"]
[White "Andreev, Eduard"]
[Black "Chu, Wei Chao"]
[Result "1/2-1/2"]
[WhiteElo "2499"]
[BlackElo "2288"]
[PlyCount "65"]

1. e4 c5 2. Nf3 d6 3. Bb5+ Bd7 4. Bxd7+ Qxd7 5. c4 Nf6 6. Nc3 g6 7. d4 cxd4 8.
Nxd4 Bg7 9. f3 O-O 10. Be3 a6 11. a4 Rc8 12. b3 Nc6 13. Nde2 e6 14. O-O d5 15.
cxd5 exd5 16. exd5 Nb4 17. Bd4 Nbxd5 18. Rc1 Rd8 19. Nxd5 Qxd5 20. Bb6 Re8 21.
Ng3 Qe6 22. Bf2 Red8 23. Qc2 Rac8 24. Qb1 h5 25. Rxc8 Rxc8 26. Re1 Qc6 27. h4
Qd5 28. Rd1 Qe5 29. Qd3 Kh7 30. Ne4 Re8 31. Nc3 Rc8 32. Ne2 Re8 33. Nc3 1/2-1/2

[Event "Cappelle-la-Grande 2014"]
[Site "Cappelle-la-Grande (FRA)"]
[Date "????.??.??"]
[Round "4.38"]
[White "Manolache, Marius"]
[Black "Wahedi, Ahmad Siar"]
[Result "1-0"]
[WhiteElo "2495"]
[BlackElo "2276"]
[PlyCount "91"]

1. d4 d5 2. Nf3 Nf6 3. c4 c6 4. Nc3 g6 5. e3 Bg7 6. Be2 O-O 7. O-O a6 8. Ne5 b6
9. cxd5 cxd5 10. Qb3 Bb7 11. Bd2 e6 12. a4 Nfd7 13. Nxd7 Nxd7 14. Rfc1 Qb8 15.
Na2 e5 16. Bc3 Re8 17. Bf3 e4 18. Be2 f5 19. Bb4 Nf6 20. a5 b5 21. Bc5 Rc8 22.
Nb4 Qc7 23. Rc3 f4 24. Rac1 fxe3 25. fxe3 Qxa5 26. Be7 Rxc3 27. Rxc3 Bf8 28.
Nc6 Bxc6 29. Bxf6 Qb6 30. Bg4 Bb7 31. Be5 b4 32. Rc1 Re8 33. Bg3 Re7 34. Rc5
Rf7 35. Rxd5 Qc6 36. Rd7 Qc1+ 37. Bd1 Qxd1+ 38. Qxd1 Rxd7 39. Qa4 Rd8 40. Bh4
Rd5 41. Qe8 Rf5 42. Be7 a5 43. Bxf8 Rxf8 44. Qb5 Ba8 45. Qxa5 Rb8 46. Qe5 1-0

[Event "Cappelle-la-Grande 2014"]
[Site "Cappelle-la-Grande (FRA)"]
[Date "????.??.??"]
[Round "4.39"]
[White "Lalic, Bogdan"]
[Black "Gajek, Radoslaw"]
[Result "1/2-1/2"]
[WhiteElo "2491"]
[BlackElo "2270"]
[PlyCount "49"]

1. d4 Nf6 2. c4 e6 3. Nf3 b6 4. g3 Ba6 5. b3 b5 6. cxb5 Bxb5 7. Bg2 d5 8. O-O
Nbd7 9. Ba3 Bd6 10. Bxd6 cxd6 11. Nc3 Ba6 12. Qc1 Qa5 13. Qb2 Qb4 14. Rfc1 O-O
15. e3 Rab8 16. Nd2 Rfc8 17. a3 Qa5 18. Na2 Qb6 19. Rxc8+ Bxc8 20. Rc1 a5 21.
Qc2 Ba6 22. Qc7 Bd3 23. b4 axb4 24. Nxb4 Bb5 25. Qxb6 1/2-1/2

[Event "Cappelle-la-Grande 2014"]
[Site "Cappelle-la-Grande (FRA)"]
[Date "????.??.??"]
[Round "4.40"]
[White "Castellanos Rodrigue, Renier"]
[Black "Ruecker, Benjamin"]
[Result "1/2-1/2"]
[WhiteElo "2488"]
[BlackElo "2265"]
[PlyCount "41"]

1. e4 d6 2. d4 Nf6 3. Nc3 e5 4. Nf3 Nbd7 5. a4 Be7 6. Bc4 O-O 7. O-O c6 8. Re1
a5 9. h3 Nb6 10. Ba2 Nfd7 11. dxe5 dxe5 12. Be3 Qc7 13. Ng5 Bxg5 14. Bxg5 Nc5
15. Be3 Nbxa4 16. Nxa4 Nxa4 17. Bxf7+ Rxf7 18. Rxa4 Be6 19. Ra3 Rd8 20. Rd3
Rfd7 21. Rxd7 1/2-1/2

[Event "Cappelle-la-Grande 2014"]
[Site "Cappelle-la-Grande (FRA)"]
[Date "????.??.??"]
[Round "4.41"]
[White "Schmitt, Andre"]
[Black "Chabanon, Jean-Luc"]
[Result "0-1"]
[WhiteElo "2301"]
[BlackElo "2479"]
[PlyCount "98"]

1. Nf3 d5 2. g3 c6 3. Bg2 Bg4 4. d4 Nd7 5. Nbd2 e6 6. O-O Ngf6 7. Re1 Be7 8. c3
O-O 9. h3 Bh5 10. e4 b5 11. g4 Bg6 12. Ne5 Nxe5 13. dxe5 Nxe4 14. Nxe4 dxe4 15.
Qe2 Bc5 16. Be3 Bxe3 17. Qxe3 Qh4 18. Rad1 Rad8 19. Bxe4 Rxd1 20. Rxd1 Bxe4 21.
Qxe4 Qxh3 22. b4 Qxc3 23. Kg2 h6 24. Rd7 a5 25. bxa5 Qxa5 26. Qxc6 Qa4 27. Kg3
g5 28. Qf3 Qxa2 29. Rb7 Qb1 30. Kh2 b4 31. Rb5 Qe1 32. Kg2 Qd2 33. Qe4 Rd8 34.
Qxb4 Qxb4 35. Rxb4 Rd5 36. Re4 Kg7 37. Kg3 Rd3+ 38. f3 Kg6 39. Re1 h5 40. gxh5+
Kxh5 41. Re4 Kg6 42. Ra4 Re3 43. Ra5 Re2 44. Rb5 Re1 45. Ra5 Rg1+ 46. Kf2 Rd1
47. f4 gxf4 48. Kf3 Kf5 49. Ra7 Rd3+ 0-1

[Event "Cappelle-la-Grande 2014"]
[Site "Cappelle-la-Grande (FRA)"]
[Date "????.??.??"]
[Round "4.42"]
[White "Naumkin, Igor"]
[Black "Collas, Silvia"]
[Result "1/2-1/2"]
[WhiteElo "2477"]
[BlackElo "2260"]
[PlyCount "77"]

1. d4 Nf6 2. c4 e6 3. Nf3 d5 4. Nc3 c5 5. cxd5 cxd4 6. Qxd4 exd5 7. Bg5 Be7 8.
e3 Nc6 9. Qa4 O-O 10. Rd1 Be6 11. Be2 Qb6 12. Qb5 Bb4 13. Bxf6 gxf6 14. Qa4
Rfd8 15. O-O d4 16. Ne4 Be7 17. Nxd4 Nxd4 18. exd4 Qxb2 19. Rd2 Qb6 20. Qd1 Qa5
21. Ng3 Bxa2 22. Rxa2 Qxa2 23. Nf5 Bf8 24. Bd3 Rd5 25. Qg4+ Kh8 26. h4 Qd2 27.
Rd1 Qa5 28. Be4 Rxf5 29. Bxf5 Rd8 30. Qh5 h6 31. Qf3 b6 32. g3 Qd5 33. Be4 Qe6
34. Kg2 a5 35. Bf5 Qd5 36. Be4 Qe6 37. Bf5 Qd5 38. Be4 Qe6 39. Bf5 1/2-1/2

[Event "Cappelle-la-Grande 2014"]
[Site "Cappelle-la-Grande (FRA)"]
[Date "????.??.??"]
[Round "4.43"]
[White "Decoster, Frederic"]
[Black "Gao, Rui"]
[Result "0-1"]
[WhiteElo "2300"]
[BlackElo "2468"]
[PlyCount "78"]

1. e4 c5 2. Nf3 d6 3. d4 cxd4 4. Nxd4 Nf6 5. Nc3 a6 6. Be3 e5 7. Nb3 Be7 8. f3
Be6 9. Qd2 O-O 10. O-O-O Nbd7 11. g4 b5 12. Rg1 Nb6 13. Na5 Qc7 14. g5 Nh5 15.
a3 Rfc8 16. Kb1 d5 17. Nxd5 Bxd5 18. exd5 Nxd5 19. Nb3 Nxe3 20. Qxe3 Qxc2+ 21.
Ka2 Qxh2 22. Bd3 Qf4 23. Qf2 Bxg5 24. Be4 Rab8 25. Qa7 Nf6 26. Bb7 Rf8 27. Qxa6
b4 28. a4 h6 29. a5 e4 30. fxe4 Nxe4 31. Rgf1 Qe5 32. Rde1 Bf6 33. Rb1 Nc3+ 34.
bxc3 Qc7 35. Be4 bxc3 36. Na1 c2 37. Nxc2 Qc3 38. Rb6 Ra8 39. Rb3 Rxa6 0-1

[Event "Cappelle-la-Grande 2014"]
[Site "Cappelle-la-Grande (FRA)"]
[Date "????.??.??"]
[Round "4.44"]
[White "Georgescu, Tiberiu-Marian"]
[Black "Jarmula, Lukasz"]
[Result "1-0"]
[WhiteElo "2468"]
[BlackElo "2225"]
[PlyCount "135"]

1. d4 Nf6 2. c4 e6 3. Nf3 b6 4. Bf4 Bb7 5. e3 Be7 6. Nc3 O-O 7. Bd3 c5 8. d5
exd5 9. cxd5 d6 10. e4 a6 11. O-O b5 12. a3 Nbd7 13. Re1 g6 14. a4 b4 15. Nb1
Re8 16. Nbd2 Nh5 17. Bh6 Bf8 18. Bxf8 Nxf8 19. a5 Qf6 20. Nc4 Rad8 21. Nfd2 Nd7
22. Qf3 Qg5 23. g3 Ne5 24. Nxe5 Qxe5 25. Nc4 Qg5 26. Re3 Kg7 27. Rae1 Nf6 28.
Bf1 h5 29. h4 Qg4 30. Qh1 Qd7 31. Bh3 Qc7 32. Nb6 c4 33. Qf3 Qc5 34. Rc1 Qd4
35. Rxc4 Qxb2 36. Rc7 Ba8 37. Be6 Rf8 38. Nc4 Qb1+ 39. Kg2 b3 40. Rxb3 Qxe4 41.
Qxe4 Nxe4 42. Nb6 Kg8 43. Rxf7 Rxf7 44. Rf3 Rdf8 45. Nxa8 Kg7 46. Rxf7+ Rxf7
47. Bxf7 Kxf7 48. Nb6 Nd2 49. f3 Kf6 50. g4 Ke5 51. Kg3 Nb3 52. f4+ Ke4 53. f5
gxf5 54. gxh5 f4+ 55. Kf2 Kf5 56. Nc4 Nd4 57. Nxd6+ Kf6 58. Nb7 Nf5 59. Kf3 Ke5
60. d6 Nxh4+ 61. Kg4 f3 62. d7 f2 63. d8=Q f1=Q 64. Qd6+ Ke4 65. Nc5+ Ke3 66.
Qe5+ Kd2 67. Qb2+ Ke3 68. Qc3+ 1-0

[Event "Cappelle-la-Grande 2014"]
[Site "Cappelle-la-Grande (FRA)"]
[Date "????.??.??"]
[Round "4.45"]
[White "Santiago, Yago De Moura"]
[Black "Rubery, Mark"]
[Result "1-0"]
[WhiteElo "2446"]
[BlackElo "2224"]
[PlyCount "97"]

1. e4 c5 2. Nf3 d6 3. d4 cxd4 4. Nxd4 Nf6 5. Nc3 a6 6. g3 e5 7. Nde2 b5 8. Bg2
Nbd7 9. h3 Qc7 10. g4 b4 11. Nd5 Nxd5 12. exd5 Be7 13. a3 Rb8 14. axb4 Rxb4 15.
b3 O-O 16. Bd2 Rb8 17. Ng3 g6 18. O-O Bh4 19. Ne4 Nf6 20. Ng5 Ne8 21. Nf3 Bf6
22. Be3 Bg7 23. g5 f5 24. gxf6 Bxf6 25. c4 Ng7 26. Nd2 Nf5 27. Ne4 Be7 28. Rc1
Nxe3 29. fxe3 Rxf1+ 30. Qxf1 Bf5 31. c5 Bxe4 32. Bxe4 dxc5 33. Qxa6 Qd6 34. Qd3
Kg7 35. Ra1 Qf6 36. Ra7 Kh6 37. Bg2 Rf8 38. Qe2 e4 39. Bxe4 Bd6 40. Qg2 Re8 41.
h4 Re5 42. Qg4 c4 43. bxc4 Bc5 44. Rb7 Bxe3+ 45. Kg2 Bf4 46. Qd7 Qh8 47. Bf3
Rf5 48. c5 Be5 49. c6 1-0

[Event "Cappelle-la-Grande 2014"]
[Site "Cappelle-la-Grande (FRA)"]
[Date "????.??.??"]
[Round "4.46"]
[White "Safranska, Anda"]
[Black "Sharif, Mehrshad"]
[Result "1/2-1/2"]
[WhiteElo "2282"]
[BlackElo "2444"]
[PlyCount "40"]

1. Nf3 Nf6 2. g3 b6 3. Bg2 Bb7 4. O-O g6 5. d3 Bg7 6. e4 O-O 7. Re1 c5 8. Nbd2
Nc6 9. c3 Qc7 10. a3 d6 11. Nf1 e5 12. b4 b5 13. Qb3 cxb4 14. axb4 a6 15. Bg5
h6 16. Bd2 Ne7 17. Rec1 Rac8 18. Bh3 Rb8 19. Bg2 Qd7 20. h3 Rfc8 1/2-1/2

[Event "Cappelle-la-Grande 2014"]
[Site "Cappelle-la-Grande (FRA)"]
[Date "????.??.??"]
[Round "4.47"]
[White "Nemcova, Katerina"]
[Black "Sergeev, Vladimir"]
[Result "1/2-1/2"]
[WhiteElo "2267"]
[BlackElo "2439"]
[PlyCount "184"]

1. e4 d6 2. d4 g6 3. Nc3 c6 4. f4 Bg7 5. Nf3 Bg4 6. Be3 Qb6 7. Qd2 Bxf3 8. gxf3
e6 9. h4 d5 10. h5 Nd7 11. O-O-O f5 12. Kb1 Ne7 13. Ne2 Nf6 14. exf5 Nxf5 15.
hxg6 hxg6 16. Rxh8+ Bxh8 17. Bh3 Qc7 18. Nc1 Qh7 19. Bxf5 gxf5 20. Qa5 b6 21.
Qa6 Qc7 22. Nd3 Nd7 23. Rh1 Kf7 24. Ne5+ Nxe5 25. fxe5 Bg7 26. Qf1 c5 27. c3
cxd4 28. Bxd4 Rh8 29. Rxh8 Bxh8 30. Qe1 Bg7 31. Qe3 Qc4 32. a3 Qf1+ 33. Ka2 Kg6
34. f4 Qg2 35. a4 Bh6 36. Bxb6 axb6 37. Qxb6 Qe4 38. Qxe6+ Kh5 39. Qf7+ Kh4 40.
Qf6+ Kh5 41. Qf7+ Kg4 42. e6 Qxa4+ 43. Kb1 Qe4+ 44. Ka2 Bf8 45. Qxf8 Qxe6 46.
Qg7+ Kxf4 47. Qd4+ Kf3 48. Qd3+ Kg2 49. Qd2+ Kg3 50. Qg5+ Kf3 51. Qh5+ Kg3 52.
Qg5+ Kf2 53. Qh4+ Ke2 54. Qh2+ Kd3 55. Qh3+ Kc4 56. Qf1+ Kc5 57. b4+ Kb6 58.
Qf2+ Kb7 59. Kb2 Qe4 60. Qc5 f4 61. Qb5+ Kc7 62. Qc5+ Kb7 63. Qb5+ Kc7 64. Qc5+
Kd7 65. b5 f3 66. Qc6+ Ke7 67. Qc5+ Ke6 68. Qc8+ Kf7 69. Qc7+ Kf6 70. Qd6+ Kg7
71. Qg3+ Kh6 72. Qh3+ Kg5 73. Qg3+ Kf5 74. Qh3+ Kf4 75. Qh6+ Kg3 76. Qg5+ Kh3
77. Qh6+ Kg2 78. Qg5+ Kf2 79. b6 Qe2+ 80. Kc1 Qe1+ 81. Kc2 Qe2+ 82. Qd2 Kf1 83.
b7 Qe5 84. Qd3+ Kg2 85. Qg6+ Kf1 86. Qa6+ Qe2+ 87. Qxe2+ fxe2 88. b8=Q e1=Q 89.
Qf4+ Kg2 90. Qd2+ Qxd2+ 91. Kxd2 Kf1 92. Kd3 Ke1 1/2-1/2

[Event "Cappelle-la-Grande 2014"]
[Site "Cappelle-la-Grande (FRA)"]
[Date "????.??.??"]
[Round "4.48"]
[White "Von Meijenfeldt, Bart"]
[Black "Stella, Andrea"]
[Result "1-0"]
[WhiteElo "2263"]
[BlackElo "2434"]
[PlyCount "73"]

1. e4 e6 2. d4 d5 3. Nd2 Nc6 4. Ngf3 Nf6 5. e5 Nd7 6. c3 f6 7. exf6 Qxf6 8. Bd3
Bd6 9. Nf1 e5 10. Ne3 Nb6 11. dxe5 Nxe5 12. Nxe5 Qxe5 13. g3 Bd7 14. f4 Qf6 15.
Qh5+ g6 16. Qg5 Qxg5 17. fxg5 O-O 18. Bd2 Rae8 19. O-O-O Rf3 20. Rde1 Bc5 21.
Nxd5 Rxd3 22. Nf6+ Kf7 23. Nxe8 Bxe8 24. Re5 Bf2 25. Re2 Rxd2 26. Kxd2 Nc4+ 27.
Kd3 Nxb2+ 28. Rxb2 Bb6 29. Rf1+ Kg7 30. Re2 Ba4 31. Re7+ Kg8 32. Rff7 Bd1 33.
Rxh7 Bg4 34. Reg7+ Kf8 35. Rxc7 Bf5+ 36. Kd2 Bxc7 37. Rxc7 1-0

[Event "Cappelle-la-Grande 2014"]
[Site "Cappelle-la-Grande (FRA)"]
[Date "????.??.??"]
[Round "4.49"]
[White "Bernard, Christophe"]
[Black "Velten, Paul"]
[Result "0-1"]
[WhiteElo "2257"]
[BlackElo "2429"]
[PlyCount "120"]

1. d4 d5 2. c4 dxc4 3. Nf3 Nf6 4. e3 Bg4 5. Bxc4 e6 6. Nc3 Nc6 7. h3 Bh5 8. O-O
Bd6 9. Be2 O-O 10. b3 Qe7 11. Bb2 Rfd8 12. Ne5 Bxe5 13. Bxh5 Nxh5 14. Qxh5 g6
15. Qe2 Bg7 16. Rac1 Nb8 17. Ne4 c6 18. Nc5 Qc7 19. b4 a6 20. Rfd1 Nd7 21. Nb3
Nf6 22. e4 Qf4 23. Nc5 b6 24. g3 Qh6 25. Nd3 Qxh3 26. Nf4 Qg4 27. Qxg4 Nxg4 28.
Rxc6 Ne5 29. Rc3 b5 30. Ne2 Nc4 31. Rc2 f5 32. exf5 gxf5 33. Re1 Kf7 34. Bc3
Bh6 35. Nc1 Na3 36. Rce2 Rac8 37. Bd2 Bxd2 38. Rxd2 Nc2 39. Red1 Nxd4 40. Rxd4
Rxd4 41. Rxd4 Rxc1+ 42. Kg2 Rc2 43. Rd7+ Kf6 44. Rxh7 Rxa2 45. Ra7 Ke5 46. Kf1
Ke4 47. Re7 Kd5 48. f4 Ra4 49. Rd7+ Ke4 50. Kg2 Rxb4 51. Rd6 Rb2+ 52. Kh3 a5
53. Rxe6+ Kf3 54. Ra6 a4 55. Kh4 Rb4 56. Ra5 Rb3 57. Ra7 a3 58. Kg5 b4 59. Kxf5
Re3 60. g4 b3 0-1

[Event "Cappelle-la-Grande 2014"]
[Site "Cappelle-la-Grande (FRA)"]
[Date "????.??.??"]
[Round "4.50"]
[White "Abergel, Thal"]
[Black "Senders, Mischa"]
[Result "1/2-1/2"]
[WhiteElo "2426"]
[BlackElo "2110"]
[PlyCount "160"]

1. e4 c5 2. Nc3 d6 3. Nf3 a6 4. d4 cxd4 5. Nxd4 Nf6 6. Bc4 e6 7. Bb3 Nbd7 8.
Bg5 Nc5 9. f4 h6 10. Bxf6 Qxf6 11. O-O Be7 12. f5 Nxb3 13. axb3 Qe5 14. fxe6
Bxe6 15. Nf5 Bxf5 16. Rxf5 Qe6 17. Nd5 O-O 18. Qd4 Rac8 19. c3 Bg5 20. Raf1
Rce8 21. Qb6 Qd7 22. Qd4 Qe6 23. Qb4 Qd7 24. R5f3 Re5 25. Qc4 Bd8 26. Rf5 Qe6
27. Qb4 b5 28. Rxe5 Qxe5 29. Rf5 Qe6 30. Nf4 Bb6+ 31. Kf1 Qe7 32. Nd3 Qe6 33.
Nf4 Qe8 34. Qxd6 Qxe4 35. Qd3 Qc6 36. Nd5 Qe6 37. Nxb6 Qxb6 38. Rd5 Re8 39. Rd6
Qc7 40. h3 Qe7 41. Kg1 Qe1+ 42. Kh2 Qe5+ 43. Qg3 Qxg3+ 44. Kxg3 Re2 45. Rxa6
Rxb2 46. b4 Rc2 47. Rc6 Kh7 48. Kf3 g5 49. g3 h5 50. g4 h4 51. Ke4 Rh2 52. Kf5
Rxh3 53. Kxg5 Kg7 54. Kh5 Rh2 55. Rc5 Rh3 56. g5 Rh1 57. Rxb5 h3 58. Kg4 h2 59.
Kg3 Rc1 60. Kxh2 Rxc3 61. Kg2 f6 62. Kf2 fxg5 63. Rxg5+ Kf6 64. Rh5 Ke6 65. Ke2
Kd6 66. Kd2 Rb3 67. Rh4 Kc6 68. Kc2 Rg3 69. Rh5 Kb6 70. Rd5 Rh3 71. Rd3 Rxd3
72. Kxd3 Kb5 73. Kc3 Kb6 74. Kc4 Kc6 75. b5+ Kb6 76. Kb4 Kb7 77. Kc5 Kc7 78.
b6+ Kb7 79. Kb5 Kb8 80. b7 Kxb7 1/2-1/2

[Event "Cappelle-la-Grande 2014"]
[Site "Cappelle-la-Grande (FRA)"]
[Date "????.??.??"]
[Round "4.51"]
[White "Capone, Nicola"]
[Black "Carmaciu, Lucian-Catalin"]
[Result "0-1"]
[WhiteElo "2251"]
[BlackElo "2423"]
[PlyCount "112"]

1. e4 c5 2. Nf3 e6 3. d4 cxd4 4. Nxd4 a6 5. Bd3 Nc6 6. Nxc6 dxc6 7. Nd2 Qc7 8.
O-O e5 9. a4 Be6 10. Qe2 Nf6 11. Bc4 Bg4 12. f3 Bd7 13. a5 Bc5+ 14. Kh1 O-O 15.
Nb3 Ba7 16. Be3 Bxe3 17. Qxe3 Rad8 18. Rfd1 Bc8 19. Kg1 Rxd1+ 20. Rxd1 Rd8 21.
Rd3 Ne8 22. Qc5 Rxd3 23. cxd3 Qd6 24. Kf2 Qf6 25. Ke2 Nd6 26. Nd2 g5 27. d4
Nxc4 28. Nxc4 exd4 29. Kd3 Be6 30. Nd2 g4 31. Qxd4 Qg5 32. b4 gxf3 33. gxf3 h6
34. Qd6 Kh7 35. f4 Qg1 36. f5 Ba2 37. Qg3 Qc1 38. Qe5 Bb1+ 39. Ke2 Bc2 40. Qf4
c5 41. Qd6 c4 42. Nxc4 Bxe4 43. Ne3 Qb2+ 44. Qd2 Qxd2+ 45. Kxd2 Kg7 46. Nc4 Kf6
47. Nd6 Bd5 48. Ke3 Ke5 49. Ne8 Bc6 50. Ng7 Kf6 51. Nh5+ Kxf5 52. Nf4 Ke5 53.
Nd3+ Kd5 54. Kf4 Kc4 55. Ne5+ Kxb4 56. Nxf7 h5 0-1

[Event "Cappelle-la-Grande 2014"]
[Site "Cappelle-la-Grande (FRA)"]
[Date "????.??.??"]
[Round "4.52"]
[White "Lazarev, Vladimir"]
[Black "Schmit, Vincent"]
[Result "1/2-1/2"]
[WhiteElo "2422"]
[BlackElo "2106"]
[PlyCount "106"]

1. d4 Nf6 2. c4 g6 3. Nc3 Bg7 4. e4 d6 5. h3 O-O 6. Bg5 Nbd7 7. Bd3 e5 8. d5
Nc5 9. Bc2 a5 10. Nge2 h6 11. Be3 Nfd7 12. Qd2 Nb6 13. b3 a4 14. Rb1 Kh7 15.
O-O f5 16. exf5 gxf5 17. f4 e4 18. Kh2 Rg8 19. Rg1 Qe7 20. Bf2 Bf6 21. Nd1 Qg7
22. Ne3 axb3 23. axb3 h5 24. b4 Nd3 25. Bxd3 exd3 26. Nc1 Bd4 27. Qxd3 Bxe3 28.
Qxe3 Nxc4 29. Qe2 Na3 30. Qxh5+ Qh6 31. Qxh6+ Kxh6 32. Rb3 Nb5 33. Re1 Ra1 34.
Nd3 Rxe1 35. Nxe1 Re8 36. Be3 b6 37. Nf3 Bb7 38. Rd3 Re4 39. g4 fxg4 40. hxg4
Bxd5 41. f5+ Kg7 42. Rxd5 Rxe3 43. Rxb5 Rxf3 44. Kg2 Rb3 45. g5 c5 46. Rxb6
Rxb4 47. Rxd6 Rg4+ 48. Kf3 Rxg5 49. Rd5 Kf6 50. Kf4 Rg1 51. Rxc5 Rf1+ 52. Ke4
Re1+ 53. Kf4 Rf1+ 1/2-1/2

[Event "Cappelle-la-Grande 2014"]
[Site "Cappelle-la-Grande (FRA)"]
[Date "????.??.??"]
[Round "4.53"]
[White "Dutreuil, Raphael"]
[Black "Kristiansen, Jens"]
[Result "1-0"]
[WhiteElo "2104"]
[BlackElo "2419"]
[PlyCount "63"]

1. d4 Nf6 2. c4 g6 3. Nc3 Bg7 4. e4 d6 5. f3 O-O 6. Be3 e5 7. Nge2 c6 8. Qd2
Nbd7 9. O-O-O a6 10. Kb1 b5 11. c5 b4 12. Na4 Qa5 13. Qc2 d5 14. dxe5 Nxe5 15.
Nc1 dxe4 16. Nb6 exf3 17. Nb3 Qxb6 18. cxb6 Bf5 19. Bd3 Nxd3 20. Rxd3 Ng4 21.
Bf4 Rad8 22. Nc1 fxg2 23. Qxg2 Rd4 24. Bc7 Ne3 25. Qe2 Nd5 26. Ka1 Bxd3 27.
Nxd3 Nxc7 28. bxc7 Rc8 29. Nc5 Rxc7 30. Qe8+ Bf8 31. Ne6 fxe6 32. Rf1 1-0